000 00640nam a22001932 4500
001 0000021351
005 20151217155909.0
008 120327s xx 000 0 eng d
020 _a9966156907 :
040 _aKABU
_cKABU
245 1 0 _aSocial investment in Kenya :
_ba survey report by Allavida to support the development of the Kenya Social Investment eXchange (KSIX) /
250 _a1st ed.
260 _aNairobi :
_bAllavida,
_c2011.
300 _a108 p.
650 0 _aInvestments
_xMoral and ethical aspects
_zKenya.
_@0000182171
908 _a120327
950 _@1
999 _c13824
_d13824